MARC

LEADER 00000nam0a2200000 4500
001 42924
005 20231031015707.0
010 |a 5740605113 
035 |a (RuTPU)RU\TPU\book\44320 
090 |a 42924 
100 |a 20020918d2002 m y0rusy50 ca 
101 1 |a rus 
102 |a RU 
105 |a y z 001zy 
200 1 |a Данные лабораторных исследований  |e Что скрывается за их результатами  |e пер. с нем.  |f Д. Буркхардт 
210 |a Калининград  |c Янтарный сказ  |d 2002 
215 |a 68 с. 
300 |a На обл. фамилия автор Дитлинде Бургхардт 
320 |a Алф. указ.: с. 67-68. 
610 1 |a медицина 
610 1 |a лабораторные исследования 
610 1 |a лабораторные анализы 
610 1 |a результаты 
610 1 |a кровь 
610 1 |a свертываемость 
610 1 |a кровообращение 
610 1 |a сердце 
610 1 |a белок 
610 1 |a питание 
610 1 |a обмен веществ 
610 1 |a вода 
610 1 |a минеральные вещества 
610 1 |a почки 
610 1 |a мочеполовая система 
610 1 |a иммунная система 
610 1 |a гормоны 
610 1 |a медицинские термины 
675 |a 612  |v 3 
700 1 |a Буркхардт  |b Д.  |g Дитлинде 
801 1 |a RU  |b 63413507  |c 20020918  |g PSBO 
801 2 |a RU  |b 63413507  |c 20021023  |g PSBO 
942 |c BK